[Event "Titled Tuesday intern op 10th Jan Late"]
[Site "Chess.com INT"]
[Date "2023.01.10"]
[Round "1"]
[White "Huber, Benedikt"]
[Black "Tan, Zhongyi"]
[Result "1-0"]
[WhiteElo "2305"]
[BlackElo "2530"]
[PlyCount "145"]
[EventDate "2023.01.10"]
[EventType "swiss (blitz)"]
[EventRounds "11"]
[EventCountry "USA"]
[SourceTitle "EXT 2024"]
[Source "ChessBase"]
[SourceDate "2023.10.10"]
[SourceVersion "1"]
[SourceVersionDate "2023.10.10"]
[SourceQuality "1"]

1. d4 Nf6 2. Nc3 d5 3. Bf4 Bf5 4. e3 e6 5. f3 Bd6 6. Nge2 h6 7. Bxd6 Qxd6 8. Ng3 Bg6 9. Bd3 Bxd3 10. Qxd3 0-0 11. e4 dxe4 12. fxe4 Qe7 13. 0-0-0 Rd8 14. e5 Nd5 15. Nce4 Nd7 16. Nh5 Nf8 17. Qg3 Ng6 18. h4 b6 19. Nxg7 Kxg7 20. h5 Rh8 21. hxg6 fxg6 22. c4 Nb4 23. a3 Nc6 24. Nf6 Rad8 25. Qf4 Na5 26. Rh3 Nxc4 27. Rdh1 g5 28. Qg4 Qf7 29. Rc3 b5 30. a4 c6 31. axb5 cxb5 32. Kb1 Nd2+ 33. Ka1 Nc4 34. Rch3 Rc8 35. Qe4 Rc7 36. Rg3 Qg6 37. Qxg6+ Kxg6 38. d5 exd5 39. Nxd5 Rd7 40. Rd3 Rhd8 41. Ne7+ Kf7 42. Rxd7 Rxd7 43. Nc6 Kg6 44. e6 Rd6 45. e7 Re6 46. Rd1 Kf7 47. Rd8 Rxe7 48. Nxe7 Kxe7 49. Ra8 Ke6 50. Rxa7 Kf5 51. Rb7 Nd6 52. Rb6 Ke5 53. Ka2 h5 54. Kb3 h4 55. Kb4 g4 56. Kc5 Ne4+ 57. Kxb5 h3 58. gxh3 gxh3 59. Rh6 Ng5 60. Kc6 Kf4 61. b4 Kg3 62. b5 Nf3 63. b6 Nd4+ 64. Kc7 Nf5 65. Rh7 Nh4 66. b7 h2 67. Rxh4 Kxh4 68. b8Q Kh3 69. Qa8 Kg3 70. Qh1 Kh3 71. Kc6 Kg3 72. Kd5 Kf2 73. Kd4 1-0

[Event "Titled Tuesday intern op 03rd Jan Late"]
[Site "Chess.com INT"]
[Date "2023.01.03"]
[Round "3"]
[White "Huber, Benedikt"]
[Black "Kovacs, Klara"]
[Result "0-1"]
[WhiteElo "2305"]
[BlackElo "2121"]
[PlyCount "114"]
[EventDate "2023.01.03"]
[EventType "swiss (blitz)"]
[EventRounds "11"]
[EventCountry "USA"]
[SourceTitle "EXT 2024"]
[Source "ChessBase"]
[SourceDate "2023.10.10"]
[SourceVersion "1"]
[SourceVersionDate "2023.10.10"]
[SourceQuality "1"]

1. d4 e6 2. Nc3 Nf6 3. Bf4 d5 4. Nb5 Bd6 5. Nxd6+ cxd6 6. e3 0-0 7. Nf3 Nc6 8. h3 Re8 9. Be2 e5 10. Bh2 e4 11. Nd2 Be6 12. 0-0 Qd7 13. b3 Ne7 14. c4 Ng6 15. cxd5 Nxd5 16. Nc4 Nc3 17. Qd2 Nxe2+ 18. Qxe2 d5 19. Ne5 Nxe5 20. Bxe5 f6 21. Bg3 Rec8 22. Rfc1 Rxc1+ 23. Rxc1 Rc8 24. Rxc8+ Qxc8 25. Qb5 b6 26. Qa4 Qa8 27. Qa3 Kf7 28. Bc7 Qb7 29. Qd6 Qc8 30. Bb8 Qb7 31. Kh2 a6 32. Bc7 b5 33. Bb6 Qd7 34. Qf4 Qc6 35. Bc5 Qd7 36. Qb8 a5 37. Qf8+ Kg6 38. h4 h5 39. a3 a4 40. b4 Qc7+ 41. g3 Qd7 42. Qb8 Bg4 43. Qf4 Be2 44. Qd6 Qf5 45. Qf4 Qd7 46. Qd6 Qf5 47. Qf4 Qc8 48. Bd6 Bf1 49. g4 hxg4 50. Kg3 Be2 51. Bc5 Bf3 52. Bd6 Qc1 53. h5+ Kf7 54. Qf5 Qg1+ 55. Kh4 Qh1+ 56. Kg3 Qh3+ 57. Kf4 Qh2# 0-1

[Event "Titled Tuesday intern op 06th Dec Late"]
[Site "Chess.com INT"]
[Date "2022.12.06"]
[Round "2"]
[White "Maksimovic, Bojan"]
[Black "Huber, Benedikt"]
[Result "1-0"]
[WhiteElo "2486"]
[BlackElo "2295"]
[PlyCount "127"]
[EventDate "2022.12.06"]
[EventType "swiss (blitz)"]
[EventRounds "11"]
[EventCountry "USA"]
[SourceTitle "CBM 211 Extra"]
[Source "ChessBase"]
[SourceDate "2023.01.31"]
[SourceVersion "1"]
[SourceVersionDate "2023.01.31"]
[SourceQuality "1"]

1. d4 e6 2. c4 b6 3. Nf3 Bb7 4. Nc3 g6 5. e4 Bg7 6. Bd3 Ne7 7. 0-0 d6 8. Re1 Nd7 9. Be3 h6 10. Qd2 g5 11. d5 e5 12. h4 f6 13. h5 Bc8 14. Nh2 0-0 15. g4 a5 16. f3 Rf7 17. Nf1 Bf8 18. Ng3 Nc5 19. Bf1 Bd7 20. b3 Nc8 21. Reb1 Na7 22. Qd1 Qb8 23. a3 b5 24. cxb5 Nxb5 25. Nxb5 Bxb5 26. Bxc5 dxc5 27. Bxb5 Qxb5 28. Qf1 Rb8 29. a4 Qxf1+ 30. Nxf1 c6 31. dxc6 Rc7 32. Ne3 Rxc6 33. Nc4 Ra6 34. Kf2 Rb4 35. Ke2 Kf7 36. Kd3 Ke6 37. Kc2 Be7 38. Rd1 Rb7 39. Rd3 Rc7 40. Rad1 Rb7 41. Kc3 Rc7 42. Na3 Rb7 43. Nb5 Rc6 44. Kc4 Rcb6 45. Rd5 Rc6 46. Kc3 Rcb6 47. Kc2 Rc6 48. Na3 Ra7 49. Nc4 Rca6 50. R5d3 Rc6 51. Rc3 Rca6 52. Rd5 Rc6 53. Nb2 Rca6 54. Nd3 Rb6 55. Nxc5+ Bxc5 56. Rcxc5 Rab7 57. Rb5 Rxb5 58. axb5 Rb6 59. Kc3 Rb7 60. Kb2 Rc7 61. Ka3 Rc1 62. b6 Rc6 63. Rb5 Kd6 64. b7 1-0

[Event "Titled Tuesday intern op 29th Nov Early"]
[Site "Chess.com INT"]
[Date "2022.11.29"]
[Round "3"]
[White "Huber, Benedikt"]
[Black "Ankudinova, Elena"]
[Result "0-1"]
[WhiteElo "2312"]
[BlackElo "1990"]
[PlyCount "32"]
[EventDate "2022.11.29"]
[EventType "swiss (blitz)"]
[EventRounds "11"]
[EventCountry "USA"]
[SourceTitle "EXT 2024"]
[Source "ChessBase"]
[SourceDate "2023.10.10"]
[SourceVersion "1"]
[SourceVersionDate "2023.10.10"]
[SourceQuality "1"]

1. d4 Nf6 2. Nc3 d5 3. Bf4 a6 4. e3 Bf5 5. f3 e6 6. g4 Bg6 7. h4 h5 8. g5 Nfd7 9. Bd3 Bxd3 10. Qxd3 g6 11. e4 Nb6 12. 0-0-0 Bd6 13. Nh3 Bxf4+ 14. Nxf4 Qd6 15. Qd2 Nc4 16. e5 Qb4 0-1

[Event "Titled Tuesday intern op 29th Nov Late"]
[Site "Chess.com INT"]
[Date "2022.11.29"]
[Round "3"]
[White "Huber, Benedikt"]
[Black "Atanasov, Anthony"]
[Result "1-0"]
[WhiteElo "2312"]
[BlackElo "2215"]
[PlyCount "89"]
[EventDate "2022.11.29"]
[EventType "swiss (blitz)"]
[EventRounds "11"]
[EventCountry "USA"]
[SourceTitle "EXT 2024"]
[Source "ChessBase"]
[SourceDate "2023.10.10"]
[SourceVersion "1"]
[SourceVersionDate "2023.10.10"]
[SourceQuality "1"]

1. e4 e5 2. Nf3 Nf6 3. Nc3 Nc6 4. d4 exd4 5. Nxd4 Nxe4 6. Nxe4 Qe7 7. f3 d5 8. Nxc6 bxc6 9. Bd3 dxe4 10. fxe4 Qh4+ 11. g3 Qf6 12. Be3 Rb8 13. e5 Qxe5 14. Qe2 Bg4 15. Qxg4 Qxe3+ 16. Kf1 Bb4 17. a3 Bd2 18. Kg2 0-0 19. Rhf1 Rxb2 20. Rad1 g6 21. Rf3 Qh6 22. Qd4 Rbb8 23. Bc4 Bg5 24. Rdf1 Qg7 25. Qc5 Rb2 26. Rxf7 Rxc2+ 27. Kh1 Rxf7 28. Rxf7 Rc1+ 29. Kg2 Rc2+ 30. Rf2+ Kh8 31. Rxc2 h6 32. Rf2 Be7 33. Qe3 Bxa3 34. Qe6 Be7 35. Rf7 Qb2+ 36. Kh3 g5 37. Qxe7 g4+ 38. Kh4 Qxh2+ 39. Kxg4 h5+ 40. Kf5 Qd2 41. Ke6 Qe3+ 42. Kd7 Qd4+ 43. Ke8 Qxc4 44. Rh7+ Kg8 45. Qg7# 1-0

[Event "Titled Tuesday intern op 29th Nov Late"]
[Site "Chess.com INT"]
[Date "2022.11.29"]
[Round "2"]
[White "Huber, Benedikt"]
[Black "Girel, Joseph"]
[Result "0-1"]
[WhiteElo "2312"]
[BlackElo "2381"]
[PlyCount "78"]
[EventDate "2022.11.29"]
[EventType "swiss (blitz)"]
[EventRounds "11"]
[EventCountry "USA"]
[SourceTitle "EXT 2024"]
[Source "ChessBase"]
[SourceDate "2023.10.10"]
[SourceVersion "1"]
[SourceVersionDate "2023.10.10"]
[SourceQuality "1"]

1. d4 Nf6 2. Nf3 b6 3. b3 Bb7 4. Bb2 g6 5. e3 Bg7 6. Be2 0-0 7. 0-0 e6 8. c4 Ne4 9. Nbd2 d6 10. Qc2 Nxd2 11. Nxd2 Nd7 12. Bf3 Qc8 13. b4 a6 14. Rfc1 Bxf3 15. Nxf3 Qb7 16. Rab1 Nf6 17. c5 b5 18. cxd6 cxd6 19. Qc6 Qxc6 20. Rxc6 Rfc8 21. Rbc1 Rxc6 22. Rxc6 Nd5 23. a3 Bf8 24. Kf1 a5 25. bxa5 Rxa5 26. e4 Nf4 27. Rc8 Nd3 28. Rc2 b4 29. axb4 Ra2 30. Ke2 Nxb2 31. Nd2 d5 32. exd5 Bxb4 33. d6 Bxd6 34. Nc4 Nxc4 35. Rxa2 Nb6 36. Ra6 Bc7 37. Ra7 Nd5 38. g3 Bb6 39. Kd3 Bxa7 0-1